Регионална библиотека "Любен Каравелов" - Русе

Сталин и съвременното движение за мир и национална независимост (Запис номер 444007)

MARC детайли
000 -Лидер
Контролно поле с фиксирана дължина nam a22 a 4500
003 - Код на организацията, давaща контролен номер
Контролно поле BLK
005 - Дата и час на последна редакция
Контролно поле 20220208093742.0
008 - Елементи от данни с фиксирана дължина
fixed length control field 220208b bu |||||r|||| 00| | bu d
040 ## - Източник на каталожния запис
Идентификатор на билиотеката - собственик на записа BLK
041 ## - Код за език
Код за езика на текст/звукозапис или на отделно заглавие Български
Код за езика КДБФ Български
080 ## - УДК
Текстов определител УДК Мирно съвместно съществуване
УДК код - определител по УДК 327.57
УДК - код + определител 327.57
100 ## - Редна дума - Автор
R(LIN) 1299
Автор Пирински, Георги
Авторска отговорност първи автор
139 ## - Редно поле
Редна дума Пирински, Георги
245 ## - Сведения за заглавието
Заглавие Сталин и съвременното движение за мир и национална независимост
Редно поле (дума) Георги Пирински
260 ## - Област на издателските данни
9 (RLIN) 216848
Място на издаване, разпространение и проч. София
Име на издателя, разпространителя и проч. НС ОФ
Година на издаване 1953
300 ## - Физическа характеристика
Страници 64 с.
Размери/Мащаб 17 см
380 ## - Жанр
Жанр Обществени науки
650 #0 - Допълнително описание по предмет – тема
9 (RLIN) 275335
Основно описание – тема или топоним Борба за мир
653 #7 - Ключова дума – ненормативна
9 (RLIN) 184646
Ключова дума движения за мир
653 #7 - Ключова дума – ненормативна
9 (RLIN) 191995
Ключова дума независимост
852 ## - Местоположение
Форматна сигнатура Цб I 1160
Фондова буква Основен фонд - ползва се само за читалня
999 ## - СИСТЕМНИ КОНТРОЛНИ НОМЕРА
Koha biblionumber 444007
Koha biblioitemnumber 444007
942 ## - АРТИКУЛИ
Вид на библиотечния материал Книги
Скрит в OPAC Не
Периодичен библиозапис Да
944 ## - СЪЗДАВАНЕ И РЕДАКЦИЯ на ЗАПИСА
Създаване/Редакция Създаване
Дата на регистрацията/редакция 2022-02-08
Служител, извършил регистрацията/редакцията Христина Везирева
Наличности
Код за отписване Код за изгубен артикул Източник на класификационната схема Код за повреда Коз за рестрикции Код за отдаване Артикулен № Име на библиотеката - собственик Име на библиотеката, в която се намира в момента Статус (Текущо местоположение) Дата на вписване в системата Местоположение - отдел Цена в лева Инвентарен номер Систематично азбучна сигнатура Баркод Цена в евро Служебен тип на артикула
  Не е изгубен Universal Decimal Classification Не е повреден без рестрикции ползва се в читалня 870002 Регионална библиотека "Любен Каравелов" Русе Регионална библиотека "Любен Каравелов" Русе Основен фонд - ползва се само за читалня 2022-02-09 Хранилище 0.13 4956/57 Цб I 1160 900000025059 0.07 Книги
Vip Innovations Ltd, Rousse, Bulgaria 2025